Local educational order : enthnomethodological studies of knowledge in action /

Bibliographic Details
Other Authors: Hester, Stephen, Francis, D. W.
Format: Book
Language:English
Published: Amsterdam ; Philadelphia : J. Benjamins Pub. Co., 2000.
Series:Pragmatics & beyond. new ser. 73.
Subjects:

MARC

Tag First Indicator Second Indicator Subfields
LEADER 00000cam a22000004a 4500
001 in00001556021
005 20151022075032.0
008 991229s2000 ne a b 001 0 eng
010 |a  99462313  
020 |a 1556199201 (alk. paper) 
020 |a 902725088X (Eur.) 
035 |a (OCoLC)ocm43482222 
040 |a DLC  |c DLC  |d C#P  |d OHX  |d TXA  |d UtOrBLW 
042 |a pcc 
049 |a TXAM 
050 0 0 |a LB1028.24  |b .L63 2000 
072 7 |a LB  |2 lcco 
082 0 0 |a 306.43  |2 21 
245 0 0 |a Local educational order :  |b enthnomethodological studies of knowledge in action /  |c edited by Stephen K. Hester, David Francis. 
264 1 |a Amsterdam ;  |a Philadelphia :  |b J. Benjamins Pub. Co.,  |c 2000. 
300 |a viii, 322 pages :  |b illustrations ;  |c 24 cm. 
336 |a text  |b txt  |2 rdacontent 
337 |a unmediated  |b n  |2 rdamedia 
338 |a volume  |b nc  |2 rdacarrier 
490 1 |a Pragmatics & beyond,  |x 0922-842X ;  |v new ser. 73 
504 |a Includes bibliographical references and index. 
650 0 |a Action research in education  |x Methodology. 
650 0 |a Ethnomethodology. 
650 0 |a Interaction analysis in education. 
650 0 |a Classroom environment. 
700 1 |a Hester, Stephen. 
700 1 |a Francis, D. W. 
830 0 |a Pragmatics & beyond.  |x 0922-842X ;  |v new ser. 73. 
938 |a Otto Harrassowitz  |b HARR  |n har005117576  |c 169.00 DEM 
994 |a E0  |b TXA 
948 |a cataloged  |b h  |c 2000/10/12  |d c  |e ceaton  |f 3:02:27 pm 
999 |a MARS 
999 f f |s d0176890-fb20-3ea1-9010-b4ce51b9e2c3  |i 5ecd9d47-ebfd-3361-94bb-082a6808df48  |t 0 
952 f f |p normal  |a Texas A&M University  |b College Station  |c Sterling C. Evans Library  |d Evans: Library Stacks  |t 0  |e LB1028.24 .L63 2000  |h Library of Congress classification  |i unmediated -- volume  |m A14826871858 
998 f f |a LB1028.24 .L63 2000  |t 0  |l Evans: Library Stacks